Score 0/20 Timer 05:00
3 Plays Today
% Correct
The Big Bang Theory
97.3%
Star Trek: The Original Series
95%
Family Guy
94.4%
Friends
94.1%
The Simpsons
91.9%
Parks and Recreation
90.5%
How I Met Your Mother
90%
Seinfeld
85.2%
I Love Lucy
83.5%
Modern Family
83.1%
% Correct
Downton Abbey
81.8%
Bob's Burgers
80.4%
Boardwalk Empire
63.2%
Adventure Time
58.2%
Family Ties
50.4%
The Wire
48.6%
Freaks and Geeks
40.9%
The IT Crowd
37%
Rocko's Modern Life
30.7%
The Americans
20.4%
Remove Ads.
Support Sporcle.
Get the best of Sporcle when you Go Orange. This ad-free experience offers more features, more stats, and more fun while also helping to support Sporcle. Thank you for becoming a member.

You're not logged in!

Compare scores with friends on all Sporcle quizzes.
OR
Log In

Show Comments

Extras

Top Quizzes Today


Score Distribution

Your Account Isn't Verified!

In order to create a playlist on Sporcle, you need to verify the email address you used during registration. Go to your Sporcle Settings to finish the process.

Report this User

Report this user for behavior that violates our Community Guidelines.

Details: